| 000 | 00613nam a2200217Ia 4500 | ||
|---|---|---|---|
| 005 | 20250326144205.0 | ||
| 008 | 250326s9999 xx 000 0 und d | ||
| 020 | _a978-81-89975-43-2 | ||
| 037 | _aTextbook | ||
| 040 |
_aFMSL _beng _cFMSL |
||
| 041 |
_aeng _2eng |
||
| 084 |
_aR.44 P7 _qFMSL |
||
| 100 |
_aCanfeild Jack _9749215 |
||
| 245 | 0 |
_aChicken soup for Indian Soul:101 stories to open the heart and rikindle the spirit _cCanfeild Jack |
|
| 260 |
_aNY _bNY, Westland _c2007 |
||
| 300 | _a302p | ||
| 365 | _b275 | ||
| 650 | _aNovel | ||
| 942 |
_cTB _hR.44 P7 |
||
| 999 |
_c1302726 _d1302726 |
||